Statistics for Every Top 10 NBA Draft Pick Since 2010

Click here to take the quiz!

General Stats

  • This quiz has been taken 67 times
  • The average score is 53 of 120

Answer Stats

PickTeamCollege/FromPositionPlayer% Correct
1Washington WizardsKentuckyGJohn Wall
89%
4Chicago BullsFlorida StateFPatrick Williams
84%
2Memphis GrizzliesMurray StateGJa Morant
80%
1Minnesota TimberwolvesKentuckyCKarl-Anthony Towns
80%
1Cleveland CavaliersDukeGKyrie Irving
80%
1New Orleans PelicansDukeFZion Williamson
80%
1New Orleans HornetsKentuckyF/CAnthony Davis
77%
1Philadelphia 76ersLSUG/FBen Simmons
77%
3Charlotte HornetsAustraliaGLamelo Ball
77%
2Los Angeles LakersUCLAGLonzo Ball
77%
1Minnesota TimberwolvesGeorgiaG/FAnthony Edwards
75%
3Philadelphia 76ersKansasCJoel Embiid
75%
3Atlanta HawksSoveniaG/FLuka Dončić
75%
1Phoenix SunsArizonaCDeandre Ayton
73%
5Dallas MavericksOklahomaGTrae Young
73%
3Washington WizardsFloridaGBradley Beal
71%
5Sacramento KingsKentuckyGDe'Aaron Fox
71%
2Houston RocketsNBA G LeagueGJalen Green
71%
4New York KnicksLatviaF/CKristaps Porzingis
71%
2Los Angeles LakersOhio StateGD'Angelo Russell
70%
4Memphis GrizzliesMichigan StateFJaren Jackson Jr
70%
3Boston CelticsDukeFJayson Tatum
68%
3New York KnicksDukeG/FRJ Barrett
68%
4Toronto RaptorsFlorida StateFScottie Barnes
68%
1Cleveland CavaliersKansasG/FAndrew Wiggins
66%
1Detroit PistonsOklahoma StateGCade Cunningham
66%
5Cleveland CavaliersVanderbuiltGDarius Garland
66%
7Golden State WarriorsUNCFHarrison Barnes
66%
4Phoenix SunsKansasG/FJosh Jackson
66%
3Cleveland CavaliersUSCC/FEvan Mobley
64%
2Golden State WarriorsMemphisCJames Wiseman
64%
3Boston CelticsCaliforniaGJaylen Brown
64%
1Cleveland CavaliersUNLVFAnthony Bennett
63%
2Los Angeles LakersDukeFBrandon Ingram
63%
7Chicago BullsDukeCWendell Carter Jr
61%
7Chicago BullsUNCGCoby White
59%
6Portland Trail BlazersWeber StateGDamian Lillard
59%
7Los Angeles LakersKentuckyF/CJulius Randle
59%
8Cleveland CavaliersAlabamaGCollin Sexton
57%
9Dallas MavericksNorth Carolina StateGDennis Smith Jr
57%
5Orlando MagicGonzagaGJalen Suggs
57%
6Oklahoma City ThunderAustraliaGJosh Giddey
55%
9Charlotte BobcatsUConnGKemba Walker
55%
1Philadelphia 76ersWashingtonGMarkelle Fultz
55%
10Indiana PacersFresno StateFPaul George
55%
4Cleveland CavaliersTexasF/CTristan Thompson
54%
4Los Angeles LakersVirginiaFDe'Andre Hunter
52%
5Sacramento KingsKentuckyC/FDemarcus Cousins
52%
6Boston CelticsOklahoma StateGMarcus Smart
52%
10Philadelphia 76ersVillanovaG/FMikal Bridges
52%
2Orlando MagicIndianaGVictor Oladipo
52%
10Sacramento KingsGonzagaF/CZach Collins
52%
4Orlando MagicArizonaFAaron Gordon
50%
6New Orleans PelicansOklahomaG/FBuddy Hield
50%
10Portland Trail BlazersLehighGCJ McCollum
50%
7Denver NuggetsKentuckyGJamal Murray
50%
8Orlando MagicMichiganF/GFranz Wagner
48%
5Toronto RaptorsLithuaniaCJonas Valanciunas
48%
9Utah JazzButlerG/FGordon Hayward
46%
4Minnesota TimberwolvesSyracuseFWesley Johnson
46%
2Philadelphia 76ersOhio StateGEvan Turner
45%
7Detroit PistonsFranceGKillian Hayes
45%
8New York KnicksDaytonFObi Toppin
45%
3Washington WizardsGeorgetownFOtto Porter Jr
45%
8Detroit PistonsArizonaFStanley Johnson
45%
10Atlanta HawksDukeG/FCam Reddish
43%
2Milwaukee BucksDukeFJabari Parker
43%
9Washington WizardsIsraelF/GDeni Avdija
41%
5Cleveland CavaliersAuburnGIsaac Okoro
41%
3Philadelphia 76ersDukeCJahlil Okafor
41%
2Charlotte BobcatsKentuckyFMichael Kidd-Gilchrist
39%
9Washington WizardsGonzagaFRui Hachimura
39%
4Charlotte BobcatsIndianaC/FCody Zeller
38%
7Chicago BullsArizonaF/CLauri Markkanen
38%
9Detroit PistonsUConnCAndre Drummond
36%
10Phoenix SunsMarylandF/CJalen Smith
36%
5Utah JazzAustraliaGDante Exum
34%
3Utah JazzTurkeyCEnes Kanter
34%
8New York KnicksFranceGFrank Ntilikina
34%
2Sacramento KingsDukeF/CMarvin Bagley
34%
5Minnesota TimberwolvesProvidenceGKris Dunn
32%
6New Orleans HornetsKentuckyF/CNerlens Noel
32%
9Charlotte HornetsWisconsinCFrank Kaminsky
30%
6Orlando MagicFlroda StateFJonathan Isaac
30%
5Phoenix SunsMarylandF/CAlex Len
29%
9New York KnicksKentuckyFKevin Knox
29%
6Sacramento KingsKentuckyF/CWillie-Cauley Stein
29%
7Denver NuggetsDemocratic Republic of the CongoGEmmanuel Mudiay
27%
7Golden State WarriorsNBA G LeagueFJonathan Kuminga
25%
10Milwaukee BucksSouth SudanF/CThon Maker
25%
4Cleveland CavaliersSyracuseGDion Waiters
23%
10Philadelphia 76ersLouisianaGElfrid Payton
23%
6Orlando MagicTexasCMohammed Bamba
23%
7Detroit PistonsGeorgetownF/CGreg Monroe
21%
9Toronto RaptorsUtahCJakob Poeltl
21%
10Miami HeatDukeG/FJustise Winslow
21%
8Detroit PistonsGeorgiaGKentavious Caldwell-Pope
20%
5Orlando MagicCroatiaFMario Hezonja
20%
8Toronto RaptorsWashingtonG/FTerrence Ross
20%
9Sacramento KingsBaylorGDavion Mitchell
18%
10Milwakee BucksBYUGJimmer Fredette
18%
6Atlanta HawksUSCF/COnyeka Okongwu
18%
7Sacramento KingsKansasG/FBen McLemore
16%
8Detroit PistonsKentuckyGBrandon Knight
16%
4Phoenix SunsCroatiaFDragan Bender
16%
6Phoenix SunsTexas TechGJarrett Culver
16%
9Minnesota TimberwolvesMichiganGTrey Burke
16%
7Charlotte BobcatsDemocratic Republic of the CongoCBismack Biyombo
14%
8SacramentoMichiganGNik Stauskas
13%
2Minnesota TimberwolvesArizonaFDerrick Williams
11%
8Atlanta HawksTexasCJaxson Hayes
11%
5Sacramento KingsKansasFThomas Robinson
11%
10New Orleans HornetsDukeGAustin Rivers
9%
10Memphis GrizzliesStanfordF/GZiaire Williams
9%
6Washington WizardsCzech RepublicF/CJan Vesely
7%
9Charlotte HornetsIndianaFNoah Vonleh
7%
8Los Angeles ClippersWake ForestFAl-Farouq Aminu
5%
3New Jersey NetsGeorgia TechF/CDerrick Favours
2%
6Golden State WarriorsBaylorCEkpe Udoh
2%
8Sacramento KingsWashingtonC/FMarguese Chriss
0%

Score Distribution

Percentile by Number Answered

Percent of People with Each Score

Your Score History

You have not taken this quiz